Teoreticko-metodologické východiská pre formovanie vzájomných vzťahov a plánovanie dlhodobého rozvoja makrooblastí ČSSR záverečná správa k etapovej úlohe X-2-7/4/1

Gespeichert in:
Bibliographische Detailangaben
1. Verfasser: Hoffmann, Pavel
Format: Buch
Sprache:Slowakisch
Veröffentlicht: Bratislava Výskumný ústav oblastného plánovania 1970
Schriftenreihe:Výskumné práce 46
Tags: Tag hinzufügen
Keine Tags, Fügen Sie das erste Tag hinzu!

MARC

LEADER 00000nam a2200000 4500
001 0221733
005 20240822101658.8
041 0 |a slo 
044 |a SK 
245 1 0 |a Teoreticko-metodologické východiská pre formovanie vzájomných vzťahov a plánovanie dlhodobého rozvoja makrooblastí ČSSR  |b záverečná správa k etapovej úlohe X-2-7/4/1  |c Pavel Hoffmann 
264 1 |a Bratislava  |b Výskumný ústav oblastného plánovania  |c 1970 
300 |a 191 s. 
490 1 |a Výskumné práce  |v 46 
830 0 |a Výskumné práce  |v 46 
100 1 |a Hoffmann, Pavel